Marcel Conche : “La mort ne peut plus m’enlever ma vie” (notice n° 2035523)

détails MARC
000 -LEADER
fixed length control field 00671cam a2200217 4500500
005 - DATE AND TIME OF LATEST TRANSACTION
control field 20260405000302.0
041 ## - LANGUAGE CODE
Language code of text/sound track or separate title fre
042 ## - AUTHENTICATION CODE
Authentication code dc
100 10 - MAIN ENTRY--PERSONAL NAME
Personal name Conche, Marcel
Relator term author
245 00 - TITLE STATEMENT
Title Marcel Conche : “La mort ne peut plus m’enlever ma vie”
260 ## - PUBLICATION, DISTRIBUTION, ETC.
Date of publication, distribution, etc. 2006.<br/>
500 ## - GENERAL NOTE
General note 21
690 ## - LOCAL SUBJECT ADDED ENTRY--TOPICAL TERM (OCLC, RLIN)
Topical term or geographic name as entry element Antiquité
690 ## - LOCAL SUBJECT ADDED ENTRY--TOPICAL TERM (OCLC, RLIN)
Topical term or geographic name as entry element Grèce Antique
690 ## - LOCAL SUBJECT ADDED ENTRY--TOPICAL TERM (OCLC, RLIN)
Topical term or geographic name as entry element Marcel Conche
690 ## - LOCAL SUBJECT ADDED ENTRY--TOPICAL TERM (OCLC, RLIN)
Topical term or geographic name as entry element philosophie
690 ## - LOCAL SUBJECT ADDED ENTRY--TOPICAL TERM (OCLC, RLIN)
Topical term or geographic name as entry element Poésie
700 10 - ADDED ENTRY--PERSONAL NAME
Personal name Cerf, Juliette
Relator term author
786 0# - DATA SOURCE ENTRY
Note Philosophie magazine | 1 | 4-5 | 2006-05-01 | p. 20-22 | 1951-1787
856 41 - ELECTRONIC LOCATION AND ACCESS
Uniform Resource Identifier <a href="https://shs.cairn.info/magazine-philosophie-magazine-2006-4-5-page-20?lang=fr&redirect-ssocas=7080">https://shs.cairn.info/magazine-philosophie-magazine-2006-4-5-page-20?lang=fr&redirect-ssocas=7080</a>

Pas d'exemplaire disponible.

PLUDOC

PLUDOC est la plateforme unique et centralisée de gestion des bibliothèques physiques et numériques de Guinée administré par le CEDUST. Elle est la plus grande base de données de ressources documentaires pour les Étudiants, Enseignants chercheurs et Chercheurs de Guinée.

Adresse

627 919 101/664 919 101

25 boulevard du commerce
Kaloum, Conakry, Guinée

Réseaux sociaux

Powered by Netsen Group @ 2025